La revolución blanda
Uloženo v:
| Hlavní autor: | |
|---|---|
| Médium: | Kniha |
| Jazyk: | španělština |
| Vydáno: |
Buenos Aires
Parusia
2004
|
| Vydání: | 1a. ed |
| Edice: | Posiciones
|
| Témata: | |
| Tagy: |
Přidat tag
Žádné tagy, Buďte první, kdo vytvoří štítek k tomuto záznamu!
|
MARC
| LEADER | 00000nam a2200000 a 4500 | ||
|---|---|---|---|
| 001 | UCJ2233 | ||
| 003 | CL-VaPUC | ||
| 008 | 061201e20040000AG |||||||||||||||||spa|d | ||
| 020 | |a 9872059128 | ||
| 082 | 0 | 4 | |a 327.101 |b ZIZ |2 21 |
| 100 | 0 | |a Zizek, Slavoj |e author |9 503187 | |
| 245 | 1 | 3 | |a La revolución blanda |
| 250 | |a 1a. ed | ||
| 300 | |a 93 p | ||
| 942 | |c BK | ||
| 945 | |d 20061201 00:00:00 |a jtorresc | ||
| 260 | |a Buenos Aires |b Parusia |c 2004 | ||
| 650 | 7 | |a FILOSOFIA POLITICA |2 CL-VaPUC |9 503188 | |
| 650 | 0 | |a Política internacional |9 255813 | |
| 650 | 0 | |a Capitalismo |9 255255 | |
| 650 | 0 | |a Imperialismo |9 258264 | |
| 650 | 0 | |a Poder político |9 255509 | |
| 583 | |a last modification |c 20061201 00:00:00 |k Rodrigo Vera | ||
| 490 | 0 | |a Posiciones | |
| 999 | |c 318583 |d 318581 | ||
| 952 | |0 0 |1 0 |4 0 |6 327_101000000000000_ZIZ_2004 |7 0 |8 A |9 396491 |a BIBCUR |b BIBCUR |d 2019-11-22 |i 4303156 |o 327.101 ZIZ 2004 |p 4303156 |r 2025-04-22 |w 2019-11-22 |y BK |k MGC | ||